000 00837nam a2200253Ia 4500
003 OSt
005 20220930075102.0
006 a|||||r|||| 00| 0
007 ta
008 220926b |||||||| |||| 00| 0 hin d
024 _a78737
037 _cTheses
040 _aCRL
_cCRL
_bhin
041 _2hin
_ahin
100 _aSharma Teevra
_9535506
110 _aUniversity of Delhi. Faculty of Music and Fine Arts. Department of Music
_9520437
245 0 _aSangeet mein swarsankhyanusaar raag vargikaran ki avdhaarana (Sameekshatmak adhyayan)
260 _c2002
650 _aMUSIC
_917402
700 _a Prof M Vijayalakshmy Gu.
_9535507
700 _aUniversity of Delhi. Faculty of Music and Fine Arts. Department of Music
_9520438
942 _cDIS
_2CC
999 _c867595
_d867595